| 000 | 00910naa a22002777a 4500 | ||
|---|---|---|---|
| 001 | BR7803302 | ||
| 003 | BR-BrBNA | ||
| 005 | 20240918174108.0 | ||
| 007 | ta | ||
| 008 | 230509b bl.||||| |||| 00| 0 por d | ||
| 040 |
_aBR-BrBNA _bpor _cBiblioteca Nacional de Agricultura |
||
| 041 | _a(Pt) | ||
| 072 |
_aL74 _b5250 |
||
| 090 | _aL74 BR7803302 | ||
| 100 | 1 | _aSelaive, A. | |
| 111 | 1 |
_a2. Semana Brasileira de Caprinos _cSobral, CE (Brazil) _d20 Nov 1978 |
|
| 245 | 1 | _aPatogenia do aborto em cabras [Capra hircus] | |
| 260 | 3 |
_aSobral, CE (Brasil): _c1978. |
|
| 500 | _a2. Semana Brasileira de Caprinos Sobral, CE (Brasil): 1978. p. 99-110 (BR7803302-AM)L74 | ||
| 650 | _aDISTURBIO ANIMAL | ||
| 650 | _aCABRA | ||
| 650 | _aABORTO | ||
| 773 | 0 |
_t2. Semana Brasileira de Caprinos _wL74 BR7803302 _gSobral, CE (Brasil), 1978. p. 99-110 |
|
| 909 |
_a202404 _bLucia _c55 _dLucia Elande |
||
| 942 |
_cAM _2AGRIS |
||
| 999 |
_c308884 _d308884 |
||